Modern Algebra (Record no. 6590)

MARC details
000 -LEADER
fixed length control field 00418nam a2200169Ia 4500
008 - FIXED-LENGTH DATA ELEMENTS--GENERAL INFORMATION
fixed length control field 221030s9999 xx 000 0 und d
020 ## - INTERNATIONAL STANDARD BOOK NUMBER
ISBN 0706999266
041 ## - LANGUAGE CODE
Language code of text/sound track or separate title
082 ## - DEWEY DECIMAL CLASSIFICATION NUMBER
Classification number 105.23
Item number Sin
100 ## - MAIN ENTRY--AUTHOR NAME
Personal name S. Singh
245 #0 - TITLE STATEMENT
Title Modern Algebra
Statement of responsibility, etc by S. Singh, Q. Zameerudin
260 ## - PUBLICATION, DISTRIBUTION, ETC. (IMPRINT)
Name of publisher Vikas Pub House
Place of publication New Delhi
Year of publication 2000
300 ## - PHYSICAL DESCRIPTION
Number of Pages 511
650 ## - SUBJECT ADDED ENTRY--TOPICAL TERM
Topical Term BE Mathematics
700 ## - ADDED ENTRY--PERSONAL NAME
Personal name Q. Zameerudin
942 ## - ADDED ENTRY ELEMENTS (KOHA)
Koha item type Books
Holdings
Accession Number Cost, normal purchase price Full call number Price effective from Koha item type Withdrawn / writtenoff status Materials specified (bound volume or other part) Damaged status Not for loan Permanent Location Current Location Shelving location Date acquired Lost/ Missing status department
BE 1876 165.00 105.23 Sin 10/30/2022 Books   Print     MIET Library, Jammu MIET Library, Jammu BL-Academic Block- A, FL-1, CUP-3, SH-1, R-1 09/15/2000   BE
BE 1877 165.00 105.23 Sin 10/30/2022 Books   Print     MIET Library, Jammu MIET Library, Jammu BL-Academic Block- A, FL-1, CUP-3, SH-1, R-1 09/15/2000   BE
BE 3073 165.00 105.23 Sin 10/30/2022 Books   Print     MIET Library, Jammu MIET Library, Jammu BL-Academic Block- A, FL-1, CUP-3, SH-1, R-1 03/16/2001   BE
BE 3074 165.00 105.23 Sin 10/30/2022 Books   Print     MIET Library, Jammu MIET Library, Jammu BL-Academic Block- A, FL-1, CUP-3, SH-1, R-1 03/16/2001   BE
BE 4087 165.00 105.23 Sin 10/30/2022 Books   Print     MIET Library, Jammu MIET Library, Jammu BL-Academic Block- A, FL-1, CUP-3, SH-1, R-1 07/26/2001   BE